| 000 | 00573nam a2200193Ia 4500 | ||
|---|---|---|---|
| 003 | GCL | ||
| 008 | 140319s9999 xx 000 0 ara d | ||
| 040 |
_aGCL / _cGCL |
||
| 082 | 0 | 4 |
_a811.094 _bع ف |
| 100 | 1 | _aعبدالرحمن المناعى | |
| 245 | 1 | 0 |
_aفى هوى الزينة / _cعبدالرحمن المناعى |
| 260 |
_a[S.N] : _bدار الغد للثقافة والنشر ، _c1977 |
||
| 300 | _a84 ص | ||
| 490 | _a | ||
| 650 | 0 | 4 | _aالشعر العربى |
| 650 | 0 | 4 | _aدواوين وقصائد |
| 650 | 0 | 4 | _aالشعر الحر |
| 942 |
_2ddc _cBK |
||
| 999 |
_c55530 _d55530 |
||